[Event "SLO-chT2 Ost"]
[Site "Slovenia"]
[Date "2021.10.02"]
[Round "7.1"]
[White "Sibanc, Bogo"]
[Black "Maric, Katarina"]
[Result "0-1"]
[WhiteElo "1753"]
[BlackElo "1913"]
[PlyCount "134"]
[EventDate "2021.09.11"]
[EventType "team-tourn"]
[EventRounds "9"]
[EventCountry "SLO"]
[SourceTitle "EXT 2024"]
[Source "ChessBase"]
[SourceDate "2023.10.10"]
[SourceVersion "1"]
[SourceVersionDate "2023.10.10"]
[SourceQuality "1"]
[WhiteTeam "Konjice Slovenske"]
[BlackTeam "Pomgrad SD III"]
[WhiteTeamCountry "SLO"]
[BlackTeamCountry "SLO"]

1. Nf3 Nf6 2. c4 e6 3. d4 Bb4+ 4. Nc3 0-0 5. Bg5 d5 6. e3 Nbd7 7. Qc2 Qe7 8. c5 c6 9. Bd3 h6 10. Bh4 e5 11. Bf5 exd4 12. Nxd4 Nxc5 13. 0-0 Bxf5 14. Nxf5 Qe6 15. Nd4 Qd6 16. Nf5 Qe6 17. Nd4 Qd6 18. Bg3 Qd7 19. Nce2 Nce4 20. a3 Nxg3 21. Nxg3 Bd6 22. b4 Bxg3 23. hxg3 a6 24. a4 Ne4 25. Ne2 Rfc8 26. Rad1 Qe7 27. Qb2 Nf6 28. Nd4 Qe5 29. Qb3 Qe4 30. Nf3 Qe7 31. Nd4 Qe4 32. Nf3 Qe7 33. Rd4 b6 34. Rc1 c5 35. Rh4 cxb4 36. Rxc8+ Rxc8 37. Rxb4 b5 38. axb5 axb5 39. Rd4 Rb8 40. Qb4 Kf8 41. Ne5 Qxb4 42. Rxb4 Rb6 43. Nf3 Ne8 44. Nd4 Nc7 45. f4 g6 46. Kf2 Ke7 47. g4 Kd6 48. f5 Kc5 49. Rb2 b4 50. Rc2+ Kd6 51. Kf3 Na6 52. Nb3 Rc6 53. Rb2 Nc5 54. Nd4 Rb6 55. Nb3 Nxb3 56. Rxb3 Kc5 57. Ke2 Kc4 58. Rb1 b3 59. Kd2 b2 60. Kc2 gxf5 61. gxf5 Rb3 62. g4 Rxe3 63. Rf1 Re2+ 64. Kb1 d4 65. Rh1 Kc3 66. Ka2 Re8 67. Rh3+ d3 0-1

[Event "SLO-chT2 East"]
[Site "Slovenia"]
[Date "2013.11.18"]
[Round "7"]
[White "Sibanc, Bogo"]
[Black "Vuk, Joze"]
[Result "0-1"]
[WhiteElo "1817"]
[BlackElo "2021"]
[PlyCount "120"]
[EventDate "2013.09.07"]
[EventType "team-tourn"]
[EventRounds "9"]
[EventCountry "SLO"]
[SourceTitle "EXT 2015"]
[Source "ChessBase"]
[SourceDate "2014.11.20"]
[SourceVersion "1"]
[SourceVersionDate "2014.11.20"]
[SourceQuality "1"]

1. Nf3 Nf6 2. d4 e6 3. g3 c5 4. e3 Nc6 5. c3 b6 6. Bg2 Ba6 7. Ne5 Qc7 8. Qa4 Bb7 9. 0-0 Nxe5 10. Bxb7 Qxb7 11. dxe5 Nd5 12. Qe4 Qc8 13. c4 f5 14. exf6 Nxf6 15. Qd3 Be7 16. Nc3 0-0 17. b3 Qe8 18. Bb2 Ng4 19. Qe4 Qh5 20. Qg2 Ne5 21. Rad1 Nf3+ 22. Kh1 Rad8 23. Ne2 e5 24. Ng1 d6 25. Rd5 Rf6 26. Nxf3 Rxf3 27. Rfd1 Rdf8 28. R1d2 Qf5 29. R5d3 Rxf2 30. Rxf2 Qxf2 31. Qxf2 Rxf2 32. Bc3 Rxa2 33. h4 Kf7 34. Kg1 Ke6 35. Kf1 Kf5 36. Rd2 Rxd2 37. Bxd2 Ke4 38. Ke2 Bd8 39. Be1 a6 40. b4 Be7 41. Bc3 d5 42. bxc5 Bxc5 43. cxd5 Kxd5 44. Kd3 e4+ 45. Kd2 g6 46. Bf6 Bd6 47. g4 Be5 48. Bd8 Kc5 49. Kc2 Bg3 50. Kb3 Bf2 51. Be7+ Kb5 52. Bg5 a5 53. Kc3 Kc5 54. h5 b5 55. hxg6 hxg6 56. Bf4 Be1+ 57. Kc2 Kc4 58. Be5 b4 59. Bd4 Bc3 60. Bxc3 bxc3 0-1

[Event "SLO-chT2 East"]
[Site "Slovenia"]
[Date "2013.10.12"]
[Round "2"]
[White "Sibanc, Bogo"]
[Black "Kovac, Mihec"]
[Result "1/2-1/2"]
[WhiteElo "1817"]
[BlackElo "1850"]
[PlyCount "73"]
[EventDate "2013.09.07"]
[EventType "team-tourn"]
[EventRounds "9"]
[EventCountry "SLO"]
[SourceTitle "EXT 2015"]
[Source "ChessBase"]
[SourceDate "2014.11.20"]
[SourceVersion "1"]
[SourceVersionDate "2014.11.20"]
[SourceQuality "1"]

1. Nf3 c5 2. e4 Nc6 3. c3 e6 4. Bb5 d5 5. e5 Bd7 6. Ba4 Qc7 7. Bxc6 Bxc6 8. 0-0 Bb5 9. d3 Ne7 10. Re1 h6 11. b3 Rd8 12. Na3 Bc6 13. Nc2 c4 14. d4 b5 15. Ba3 Ng6 16. Bxf8 Nxf8 17. Ne3 Ng6 18. g3 Rb8 19. b4 a5 20. a3 Ke7 21. Nd2 axb4 22. axb4 Ra8 23. Qc2 Qb7 24. f4 Rxa1 25. Rxa1 Ra8 26. Rxa8 Qxa8 27. f5 Nf8 28. Nf3 Bd7 29. g4 Qa4 30. Ne1 Qxc2 31. N1xc2 g6 32. f6+ Kd8 33. h4 Nh7 34. Kg2 Ke8 35. Ne1 Nf8 36. Kf3 Nh7 37. N1g2 1/2-1/2

[Event "Sentjur Ipavec Memorial 13th"]
[Site "Sentjur"]
[Date "2013.09.11"]
[Round "1"]
[White "Titan, Matej"]
[Black "Sibanc, Bogo"]
[Result "1-0"]
[WhiteElo "2146"]
[BlackElo "1817"]
[PlyCount "75"]
[EventDate "2013.09.11"]
[EventType "swiss"]
[EventRounds "9"]
[EventCountry "SLO"]
[SourceTitle "EXT 2015"]
[Source "ChessBase"]
[SourceDate "2014.11.20"]
[SourceVersion "1"]
[SourceVersionDate "2014.11.20"]
[SourceQuality "1"]

1. c4 Nf6 2. g3 c6 3. Nf3 g6 4. Bg2 Bg7 5. 0-0 0-0 6. d4 d5 7. b3 Nbd7 8. Nc3 Re8 9. cxd5 cxd5 10. Bf4 a6 11. Rc1 Nb6 12. Nb1 e5 13. Bxe5 Nfd7 14. Bxg7 Kxg7 15. Nc3 Qe7 16. e3 Nf6 17. Ne5 Be6 18. a4 Qb4 19. Nd3 Qd6 20. Nc5 Rab8 21. a5 Nbd7 22. N3a4 b5 23. axb6 Nxb6 24. Nxa6 Rbc8 25. N6c5 Nxa4 26. bxa4 h5 27. h4 Bf5 28. a5 Ra8 29. Ra1 Nd7 30. Nxd7 Bxd7 31. Qb3 Be6 32. Rfc1 Reb8 33. Qa3 Qd7 34. Rc5 Ra6 35. Bf1 Ra7 36. a6 Rb6 37. Qa5 Rd6 38. Rac1 1-0

[Event "SLO-chT2 East"]
[Site "Brezice Maribor"]
[Date "2012.11.03"]
[Round "8"]
[White "Djurkovic, Maks"]
[Black "Sibanc, Bogo"]
[Result "1-0"]
[WhiteElo "2126"]
[BlackElo "1810"]
[PlyCount "99"]
[EventDate "2012.09.08"]
[EventType "team-tourn"]
[EventRounds "9"]
[EventCountry "SLO"]
[SourceTitle "EXT 2022"]
[Source "ChessBase"]
[SourceDate "2021.10.06"]
[SourceVersion "1"]
[SourceVersionDate "2021.10.06"]
[SourceQuality "1"]

1. d4 Nf6 2. g3 d5 3. Bg2 e6 4. Nf3 Nbd7 5. 0-0 Be7 6. c4 0-0 7. Nbd2 c6 8. Qc2 Re8 9. b3 Nf8 10. Bb2 Bd6 11. e4 Bb4 12. a3 Bxd2 13. Nxd2 dxe4 14. Nxe4 Nxe4 15. Bxe4 Qg5 16. f4 Qh6 17. b4 Bd7 18. a4 Rac8 19. a5 Ng6 20. a6 b6 21. Qg2 f5 22. Bf3 Ne7 23. Rfe1 b5 24. cxb5 cxb5 25. Rac1 Rc4 26. Rxc4 bxc4 27. Re5 Rc8 28. Rc5 Kf7 29. Rxc8 Bxc8 30. b5 Nd5 31. Bxd5 exd5 32. Qxd5+ Qe6 33. Qe5 Qxe5 34. dxe5 Ke6 35. Bd4 Bd7 36. b6 axb6 37. a7 Bc6 38. Bxb6 c3 39. Kf2 c2 40. Be3 Be4 41. Ke2 g6 42. Kd2 g5 43. fxg5 Kxe5 44. h4 Ke6 45. h5 Kf7 46. Kc3 Ke6 47. Kd4 Bf3 48. Bc1 Ba8 49. h6 Kf7 50. Ke5 1-0

[Event "SLO-chT2 East"]
[Site "Brezice Maribor"]
[Date "2012.10.06"]
[Round "4"]
[White "Sibanc, Bogo"]
[Black "Novosel, Krunoslav"]
[Result "1/2-1/2"]
[WhiteElo "1810"]
[BlackElo "2015"]
[PlyCount "57"]
[EventDate "2012.09.08"]
[EventType "team-tourn"]
[EventRounds "9"]
[EventCountry "SLO"]
[SourceTitle "EXT 2022"]
[Source "ChessBase"]
[SourceDate "2021.10.06"]
[SourceVersion "1"]
[SourceVersionDate "2021.10.06"]
[SourceQuality "1"]

1. Nf3 Nf6 2. d4 d5 3. e3 c6 4. c4 a6 5. Nc3 b5 6. cxd5 cxd5 7. a3 Bg4 8. Be2 e6 9. 0-0 Bd6 10. Ne5 Bxe2 11. Qxe2 0-0 12. Bd2 Nbd7 13. f4 Rc8 14. Rac1 Qb6 15. b4 Qb7 16. Nd3 Nb6 17. Nc5 Bxc5 18. bxc5 Nc4 19. Ra1 Qc6 20. Rfb1 Rb8 21. h3 Rb7 22. Be1 Nd7 23. Na2 a5 24. Qd3 f5 25. Nc1 Nf6 26. Nb3 Ra8 27. Nd2 Nxd2 28. Bxd2 Ne4 29. Be1 1/2-1/2

[Event "SLO-ch qual"]
[Site "Ptuj"]
[Date "2012.05.24"]
[Round "1"]
[White "Buzeti, Jernej"]
[Black "Sibanc, Bogo"]
[Result "1-0"]
[WhiteElo "2303"]
[BlackElo "1851"]
[PlyCount "133"]
[EventDate "2012.05.24"]
[EventType "swiss"]
[EventRounds "9"]
[EventCountry "SLO"]
[SourceTitle "EXT 2019"]
[Source "ChessBase"]
[SourceDate "2018.10.10"]
[SourceVersion "1"]
[SourceVersionDate "2018.10.10"]
[SourceQuality "1"]

1. e4 e6 2. d4 d5 3. Nd2 Nd7 4. Ngf3 dxe4 5. Nxe4 Ngf6 6. Nxf6+ Nxf6 7. c3 Be7 8. Qa4+ c6 9. Bd3 Bd7 10. Ne5 0-0 11. Qc2 c5 12. dxc5 Bxc5 13. Bg5 h6 14. Bxf6 gxf6 15. Nxd7 Qxd7 16. 0-0-0 Qc7 17. Kb1 Rfd8 18. Qd2 Kg7 19. h4 a5 20. Rh3 Rh8 21. Rg3+ Kf8 22. Re1 Rd8 23. Rf3 Be7 24. Qe2 Rd5 25. Bc2 Re5 26. Qd1 Rxe1 27. Qxe1 Rg8 28. Qd2 Rh8 29. Rd3 b5 30. a3 f5 31. Rd7 Qc6 32. g3 Bf6 33. Rd6 Qh1+ 34. Ka2 Kg7 35. Bb3 b4 36. cxb4 axb4 37. Qxb4 Qc1 38. Qd2 Qc8 39. Rd7 Rd8 40. Rxd8 Bxd8 41. h5 Bg5 42. Qd3 Qc5 43. Qd7 Qb6 44. f3 Bf6 45. Qd2 Qc7 46. f4 Qc6 47. Bd1 Qc4+ 48. Kb1 Qe4+ 49. Qc2 Qe1 50. Qd3 Qf2 51. Bc2 Qe1+ 52. Ka2 Qc1 53. Qb3 Bd4 54. a4 Qg1 55. a5 Qe1 56. a6 Qa5+ 57. Qa4 Qb6 58. Bb3 Bf2 59. Bc4 Bd4 60. Qb5 Qd6 61. Qb7 Qb6 62. Qxb6 Bxb6 63. Kb3 Kf8 64. Kb4 Ke7 65. Kb5 Bf2 66. Kc6 f6 67. b4 1-0

[Event "Sentjur Ipavec Memorial-A 12th"]
[Site "Sentjur"]
[Date "2011.09.20"]
[Round "8"]
[White "Florjancic, Rudolf"]
[Black "Sibanc, Bogo"]
[Result "1/2-1/2"]
[WhiteElo "1961"]
[BlackElo "1839"]
[PlyCount "34"]
[EventDate "2011.09.14"]
[EventType "swiss"]
[EventRounds "9"]
[EventCountry "SLO"]
[SourceTitle "CBM 144 Extra"]
[Source "ChessBase"]
[SourceDate "2011.10.28"]
[SourceVersion "1"]
[SourceVersionDate "2011.10.28"]
[SourceQuality "1"]

1. e4 e5 2. Nf3 Nc6 3. Bb5 a6 4. Ba4 Nf6 5. 0-0 b5 6. Bb3 Be7 7. Re1 0-0 8. c3 d6 9. h3 Na5 10. Bc2 h6 11. d4 Nc6 12. Nbd2 Re8 13. Nf1 Bf8 14. Be3 exd4 15. cxd4 a5 16. d5 Ne5 17. Nd4 Ng6 1/2-1/2

[Event "Sentjur Ipavec Memorial-A 12th"]
[Site "Sentjur"]
[Date "2011.09.17"]
[Round "4"]
[White "Sibanc, Bogo"]
[Black "Zoric, Darko"]
[Result "0-1"]
[WhiteElo "1839"]
[BlackElo "1761"]
[PlyCount "77"]
[EventDate "2011.09.14"]
[EventType "swiss"]
[EventRounds "9"]
[EventCountry "SLO"]
[SourceTitle "CBM 144 Extra"]
[Source "ChessBase"]
[SourceDate "2011.10.28"]
[SourceVersion "1"]
[SourceVersionDate "2011.10.28"]
[SourceQuality "1"]

1. e4 d6 2. Nf3 Bg4 3. d4 Nf6 4. Bd3 e5 5. d5 c6 6. c4 Be7 7. h3 Bxf3 8. Qxf3 a6 9. 0-0 cxd5 10. cxd5 0-0 11. Nc3 b5 12. Ne2 Nbd7 13. Ng3 g6 14. Bh6 Re8 15. h4 Kh8 16. Rac1 Ng8 17. Be3 Bxh4 18. Qxf7 Bf6 19. Nf5 gxf5 20. exf5 Re7 21. Qh5 Rc8 22. Be4 Nc5 23. f3 Nxe4 24. fxe4 Rxc1 25. Rxc1 Rc7 26. Rf1 Rg7 27. Rf3 Bg5 28. Bf2 Nf6 29. Qh3 Nxe4 30. Be1 Bf6 31. Qh5 Qg8 32. Qh3 Ng5 33. Qh5 Nxf3+ 34. Qxf3 Rg4 35. a3 h5 36. Bb4 Qg5 37. Bc3 Qc1+ 38. Qf1 Qxf1+ 39. Kxf1 0-1

[Event "Sentjur Ipavec Memorial 11th"]
[Site "Sentjur"]
[Date "2010.09.21"]
[Round "7"]
[White "Sibanc, Bogo"]
[Black "Zoric, Darko"]
[Result "1/2-1/2"]
[WhiteElo "1884"]
[BlackElo "1739"]
[PlyCount "74"]
[EventDate "2010.09.17"]
[EventType "swiss"]
[EventRounds "9"]
[EventCountry "SLO"]
[SourceTitle "CBM 138 Extra"]
[Source "ChessBase"]
[SourceDate "2010.10.29"]
[SourceVersion "1"]
[SourceVersionDate "2010.10.29"]
[SourceQuality "1"]

1. Nf3 d5 2. d4 Nf6 3. Nbd2 g6 4. g3 Bg7 5. Bg2 0-0 6. 0-0 c6 7. b3 Nbd7 8. Bb2 Re8 9. c4 Ng4 10. e3 e5 11. cxd5 cxd5 12. dxe5 Ndxe5 13. Nxe5 Nxe5 14. Bxe5 Bxe5 15. Rc1 Be6 16. Nf3 Bg7 17. Nd4 Qa5 18. Rc2 Qb6 19. Qd2 Bf8 20. Rfc1 Ba3 21. Rd1 Bb4 22. Qd3 a6 23. h4 Bf8 24. Bf3 Rac8 25. Rdc1 Rxc2 26. Rxc2 Bg7 27. Rc1 Rd8 28. Kh2 h5 29. Qd1 Qd6 30. Qd2 Qb6 31. Be2 Bd7 32. Bf3 Be6 33. Qc3 Bf6 34. Qd3 Qd6 35. Kg2 Bg7 36. Be2 Qb6 37. Bf3 Bf5 1/2-1/2

[Event "SLO-chT2 Ost"]
[Site "Slovenia"]
[Date "2010.06.05"]
[Round "4"]
[White "Tomazic, Martin"]
[Black "Sibanc, Bogo"]
[Result "1-0"]
[WhiteElo "1757"]
[BlackElo "1884"]
[PlyCount "113"]
[EventDate "2010.05.29"]
[EventType "team-tourn"]
[EventRounds "9"]
[EventCountry "SLO"]
[SourceTitle "EXT 2022"]
[Source "ChessBase"]
[SourceDate "2021.10.06"]
[SourceVersion "1"]
[SourceVersionDate "2021.10.06"]
[SourceQuality "1"]

1. e4 d6 2. d4 g6 3. Nc3 Bg7 4. Be3 Nd7 5. Qd2 e5 6. Bc4 Nb6 7. Bb3 Be6 8. d5 Bd7 9. 0-0-0 a5 10. a3 Ne7 11. Nge2 Nbc8 12. h4 b5 13. h5 b4 14. axb4 axb4 15. Nb1 Nb6 16. Bxb6 cxb6 17. Qxb4 Qc7 18. hxg6 fxg6 19. Na3 0-0 20. f3 Nc8 21. Nc3 Qc5 22. Qxc5 bxc5 23. Nc4 Bf6 24. Kd2 Rb8 25. Ra1 Bg5+ 26. Kd3 Rf6 27. Ra6 h5 28. Ke2 Kf8 29. Rha1 Ke7 30. Na5 Rb6 31. Nc6+ Bxc6 32. dxc6 Rxa6 33. Nd5+ Kd8 34. c7+ Kd7 35. Nxf6+ Bxf6 36. Rxa6 Kxc7 37. Bf7 Kb7 38. Ra3 Ne7 39. Rd3 Kc7 40. Rb3 h4 41. Ra3 g5 42. Kf2 Nc6 43. c3 Ne7 44. g3 hxg3+ 45. Kxg3 Kb6 46. Ra1 Kc6 47. Rh1 Nc8 48. Rh6 Be7 49. Bd5+ Kc7 50. Rh7 Kd8 51. Kg4 Nb6 52. Bc6 Nc8 53. Kf5 Na7 54. Ba4 c4 55. Ke6 Nc8 56. Rh8+ Kc7 57. Rxc8+ 1-0

[Event "SLO-chT2 Ost"]
[Site "Maribor"]
[Date "2009.06.06"]
[Round "3"]
[White "Sibanc, Bogo"]
[Black "Mrakic, Tone"]
[Result "0-1"]
[WhiteElo "1899"]
[BlackElo "1854"]
[PlyCount "82"]
[EventDate "2009.05.30"]
[EventType "team-tourn"]
[EventRounds "9"]
[EventCountry "SLO"]
[SourceTitle "EXT 2022"]
[Source "ChessBase"]
[SourceDate "2021.10.06"]
[SourceVersion "1"]
[SourceVersionDate "2021.10.06"]
[SourceQuality "1"]

1. d4 d5 2. Nf3 Nf6 3. g3 c5 4. c3 cxd4 5. cxd4 Nc6 6. Bg2 g6 7. 0-0 Bg7 8. Nbd2 0-0 9. Re1 Ne4 10. Nb3 Qb6 11. e3 Na5 12. Nbd2 Nd6 13. b3 Nc6 14. Ba3 Rd8 15. Bc5 Qc7 16. Rc1 Bg4 17. h3 Be6 18. Ng5 Qd7 19. a4 h6 20. Nxe6 fxe6 21. Qg4 Kh7 22. f4 Nf5 23. Kh2 Rac8 24. Qe2 Rc7 25. Nf3 Rdc8 26. Qd2 b6 27. Ba3 Na5 28. Rxc7 Rxc7 29. Qd3 Qc8 30. g4 Rc3 31. Qd2 Nxb3 32. Qb2 Nxe3 33. Re2 Nxg2 34. Kxg2 Rxf3 35. Kxf3 Nxd4+ 36. Kf2 Nxe2 37. Qxe2 Qc4 38. Bxe7 Qxf4+ 39. Qf3 g5 40. Ke2 Qxf3+ 41. Kxf3 Bd4 0-1

[Event "Konjice op"]
[Site "Konjice"]
[Date "2009.03.28"]
[Round "3"]
[White "Sibanc, Bogo"]
[Black "Florjancic, Rudolf"]
[Result "0-1"]
[WhiteElo "1899"]
[BlackElo "2025"]
[PlyCount "149"]
[EventDate "2009.03.26"]
[EventType "swiss"]
[EventRounds "9"]
[EventCountry "SLO"]
[SourceTitle "CBM 129 Extra"]
[Source "ChessBase"]
[SourceDate "2009.05.05"]
[SourceVersion "2"]
[SourceVersionDate "2009.05.20"]
[SourceQuality "1"]

1. d4 Nf6 2. g3 e6 3. Bg2 d5 4. Nf3 c5 5. c3 Nc6 6. 0-0 Be7 7. Nbd2 0-0 8. Re1 b6 9. b3 Bb7 10. Bb2 cxd4 11. Nxd4 Rc8 12. Rc1 Qd7 13. Bh3 Rfd8 14. N2f3 Ne4 15. Nxc6 Qxc6 16. e3 Bf6 17. Nd4 Qe8 18. f3 Nd6 19. Qe2 a6 20. Ba3 b5 21. Bb4 Ra8 22. Qd3 g6 23. Ba5 Rd7 24. Re2 Nc8 25. f4 Na7 26. Nf3 Nc6 27. Bb6 Re7 28. Bc5 Rc7 29. Bd6 Rcc8 30. Nd4 Rd8 31. Bc7 Rd7 32. Bb6 Qe7 33. b4 Qd6 34. Bc5 Qc7 35. Rf1 Re8 36. Ref2 Rdd8 37. Nf3 Be7 38. Bd4 Nxd4 39. exd4 Qc4 40. Qd2 Rc8 41. f5 exf5 42. Ne5 Qxc3 43. Qf4 Bd6 44. Bxf5 Rc7 45. Qg4 Bxe5 46. dxe5 Qxe5 47. Bd3 Qe3 48. Bb1 Bc8 49. Qf4 Qxf4 50. Rxf4 Be6 51. Re1 Rec8 52. Rd4 Rc4 53. Rxc4 Rxc4 54. a3 Rc3 55. a4 bxa4 56. Kf2 Rb3 57. Bc2 Rxb4 58. Ke3 a3 59. Ra1 Rb2 60. Bd3 a2 61. Kd4 a5 62. h4 Rg2 63. h5 Kg7 64. hxg6 hxg6 65. Ke5 Rxg3 66. Bb5 Rg2 67. Kd4 Rb2 68. Bd3 Rb4+ 69. Kc3 d4+ 70. Kc2 a4 71. Kc1 Bb3 72. Kd2 Rb6 73. Be4 f5 74. Bd3 Kf6 75. Rf1 0-1

[Event "SLO-ch qual"]
[Site "Sentjur"]
[Date "2008.07.12"]
[Round "8"]
[White "Sibanc, Bogo"]
[Black "Nadvesnik, Maja"]
[Result "0-1"]
[WhiteElo "1910"]
[BlackElo "1841"]
[PlyCount "90"]
[EventDate "2008.07.03"]
[EventType "swiss"]
[EventRounds "9"]
[EventCountry "SLO"]
[SourceTitle "EXT 2010"]
[Source "ChessBase"]
[SourceDate "2010.11.25"]
[SourceVersion "1"]
[SourceVersionDate "2010.11.25"]
[SourceQuality "1"]

1. Nf3 g6 2. d4 c5 3. c3 cxd4 4. cxd4 Bg7 5. e3 Nf6 6. Nc3 0-0 7. Be2 d5 8. 0-0 Nbd7 9. b3 Nb6 10. Ba3 Re8 11. Rc1 a6 12. Ne5 Be6 13. Bd3 Nbd7 14. Nf3 Nf8 15. Na4 Qa5 16. b4 Qd8 17. Nc5 Bc8 18. Bb2 b6 19. Nb3 Qd6 20. a3 h6 21. Qc2 Bd7 22. Qc7 Qxc7 23. Rxc7 Ba4 24. Nbd2 Ne6 25. Rc3 Red8 26. Rfc1 Ne8 27. g4 Nd6 28. h3 b5 29. Rc6 Nc4 30. Rb1 Rdc8 31. Rxc8+ Rxc8 32. Bxc4 dxc4 33. Bc3 Nc7 34. Ne4 Bc2 35. Nfd2 Bxb1 36. Nxb1 Nd5 37. Nc5 Rc6 38. Nb7 e5 39. Nc5 Nxc3 40. Nxc3 exd4 41. exd4 Bxd4 42. N3e4 c3 43. Nb3 c2 44. Kg2 c1Q 45. Nxc1 Rxc1 0-1

[Event "SLO-ch qual"]
[Site "Sentjur"]
[Date "2008.07.05"]
[Round "4"]
[White "Bajraktarevic, Bajro"]
[Black "Sibanc, Bogo"]
[Result "1-0"]
[WhiteElo "1796"]
[BlackElo "1910"]
[PlyCount "82"]
[EventDate "2008.07.03"]
[EventType "swiss"]
[EventRounds "9"]
[EventCountry "SLO"]
[SourceTitle "EXT 2010"]
[Source "ChessBase"]
[SourceDate "2010.11.25"]
[SourceVersion "1"]
[SourceVersionDate "2010.11.25"]
[SourceQuality "1"]

1. d4 d5 2. c4 c6 3. Nf3 Nf6 4. e3 Nbd7 5. Nc3 e6 6. Bd3 Bb4 7. 0-0 a6 8. Qe2 0-0 9. Rd1 b5 10. cxb5 c5 11. bxa6 c4 12. Bb1 Bxc3 13. bxc3 Qa5 14. Bd2 Qa3 15. Be1 Rb8 16. Ne5 Bxa6 17. g4 Nxe5 18. dxe5 Nd7 19. f4 Qb2 20. Qxb2 Rxb2 21. e4 Bb7 22. Rd2 Rxd2 23. Bxd2 Nc5 24. exd5 Bxd5 25. Bc2 Ra8 26. Be3 Ne4 27. Bd4 g6 28. Bxe4 Bxe4 29. a4 Rb8 30. Ra2 Rb1+ 31. Kf2 Kf8 32. a5 Ke8 33. a6 Kd8 34. a7 Ba8 35. Ra4 Rb2+ 36. Kg3 h5 37. gxh5 gxh5 38. Rxc4 Rg2+ 39. Kh3 Rg4 40. Bb6+ Kd7 41. Rc7+ Ke8 1-0

[Event "SLO-ch qual"]
[Site "Sentjur"]
[Date "2008.07.03"]
[Round "1"]
[White "Sibanc, Bogo"]
[Black "Pregelj, Maj"]
[Result "1-0"]
[WhiteElo "1910"]
[BlackElo "1500"]
[PlyCount "79"]
[EventDate "2008.07.03"]
[EventType "swiss"]
[EventRounds "9"]
[EventCountry "SLO"]
[SourceTitle "EXT 2010"]
[Source "ChessBase"]
[SourceDate "2010.11.25"]
[SourceVersion "1"]
[SourceVersionDate "2010.11.25"]
[SourceQuality "1"]

1. Nf3 Nc6 2. d4 d5 3. e3 Nf6 4. c4 Bg4 5. Nbd2 e5 6. dxe5 Nxe5 7. Qa4+ Nc6 8. Ne5 Qd6 9. Nxg4 Nxg4 10. cxd5 Qb4 11. Bb5 a6 12. Bxc6+ Kd8 13. Qxb4 Bxb4 14. Bxb7 Rb8 15. Bc6 Ne5 16. Ke2 Nxc6 17. dxc6 Rb6 18. Rd1 Ke7 19. a3 Bd6 20. Nc4 Rxc6 21. Nxd6 Rxd6 22. Rxd6 Kxd6 23. b4 Rd8 24. Bb2 f6 25. Rc1 Rc8 26. Bd4 Kd7 27. h4 c6 28. g4 Ke6 29. Rc5 g6 30. f4 Kf7 31. Kd3 Ke6 32. Kc4 Kf7 33. Ra5 Ke6 34. f5+ Kf7 35. Kc5 gxf5 36. gxf5 h5 37. Rxa6 Kg7 38. Rxc6 Rc7 39. Rxc7+ Kh6 40. Rc6 1-0